| 000 | 01052nam a22001817a 4500 | ||
|---|---|---|---|
| 003 | IT-RoPau | ||
| 005 | 20220918181104.0 | ||
| 008 | 130417b xxu||||| |||| 00| 0 eng d | ||
| 040 | _cIT-RoPau | ||
| 100 |
_aFamiglia Paolina _998 |
||
| 245 |
_aUn anno di particolare santificazione _bLe riflessioni di Don Alberione dal San Paolo Generalizia del 1963 - 2 |
||
| 250 | _a1° ed | ||
| 260 |
_aRoma _bSSP Provincia Italia _c2003 |
||
| 300 |
_a57 pp. _c21 cm |
||
| 490 |
_aSan Paolo _vn° 3 - Settembre 2003 |
||
| 520 | _aIndice Saluto del Superiore Provinciale Un anno di particolare santificazione - 2 Atti del Governo Provinciale 1. Consigli provinciali: date, temi, decisioni 2. Documenti uffciali 3. Trasferimenti di sede e incarichi da marzo ad agosto 2003 Assemblea Circoscrizionale 1. Documenti congregazionali ed ecclesiali 2. Formazione permanente e vita consacrata di Amedeo Cencini 3. Conclusioni Informazioni sulla vita della Provincia Defunti paolini della Provicnia Italia Per la liturgia del Beato Giacomo Alberione | ||
| 942 |
_2ddc _cCR |
||
| 999 |
_c98377 _d98377 |
||